| 000 | 00363nam a22001217a 4500 | ||
|---|---|---|---|
| 020 | _a849311527 | ||
| 082 |
_a664 _bJOH/IN |
||
| 100 |
_aGreen Perry Johnson _9258 |
||
| 245 | _aCRS series in Contemporary Food Science Introduction to Food Biotechnology | ||
| 260 |
_aCRS Press London _bResearch Co Books & Periodicals, New Delhi _c2014 |
||
| 300 | _a293 | ||
| 942 | _cBK | ||
| 999 |
_c14197 _d14197 |
||